| 000 | 01174cab a2200361 4500 | ||
|---|---|---|---|
| 001 | ABS52521 | ||
| 008 | 090401t1995 xxu||||| |||| 00| 0 eng d | ||
| 035 | _a(Sirsi) u83169 | ||
| 041 | _aeng | ||
| 100 | _aWilbourn, P. | ||
| 245 | _aChartered surveyors and land quality statements | ||
| 260 | _c1995 | ||
| 350 | _a0 | ||
| 490 |
_aEstates Gazette _v(9509) 4 March 1995, 311-313(3) |
||
| 520 | _aConsiders the implications of the Environment Bill for chartered surveyors and comments on RICS guidance notes on valuation and environmental matters, land quality statements and professional indemnity insurance. | ||
| 650 | _aASSET VALUATION | ||
| 650 | _aCAVEATS | ||
| 650 | _aABOUT RICS-RICS MEMBERS | ||
| 650 | _aCONTAMINATED LAND | ||
| 650 | _aENVIRONMENT BILL | ||
| 650 | _aGUIDANCE NOTES | ||
| 650 | _aLAND QUALITY STATEMENTS | ||
| 650 | _aPOLLUTER PAYS PRINCIPLE | ||
| 650 | _aPOLLUTION | ||
| 650 | _aPROFESSIONAL INDEMNITY INSURANCE | ||
| 650 | _aUNFAIR CONTRACT TERMS ACT | ||
| 650 | _aVGN 11 | ||
| 690 | _aENVIRONMENTAL AND LAND CONSULTANCY | ||
| 690 | _aLAND | ||
| 690 | _aRATING AND VALUATION | ||
| 942 | _n0 | ||
| 948 | _c04/03/1997 | ||
| 999 |
_c52529 _d52529 |
||